00499 2200193 4500001002100000005001800021008004100039035002400080040001200104082001000116090001600126100002300142245004500165260002800210300002100238650001400259850001200273990002000285YOGYA-0910000000060420100925073117963 ind  0010-091000000000604 aYOPDYOG a591.4 a591.4 Bev D aBevelander, Gerrit aDasar-dasar HistologicGerrit Bevelander aJakartabErlanggac1988 a460 hlm.; 23 cm. aHistologi aYOPDYOG a6786-PD/A.05b1